Management : Theory and Practice

Na minha lista:
Detalhes bibliográficos
Autor principal: Dale, Ernest
Formato: Livro
Idioma:Undetermined
Publicado em: New York McGraw-Hill Book Company 1965
Assuntos:
Tags: Adicionar Tag
Sem tags, seja o primeiro a adicionar uma tag!
Thư viện lưu trữ: Trung tâm Học liệu Trường Đại học Cần Thơ
LEADER 00494nam a2200193Ia 4500
001 CTU_86242
008 210402s9999 xx 000 0 und d
082 |a 658 
082 |b D139 
100 |a Dale, Ernest 
245 0 |a Management : 
245 0 |b Theory and Practice 
245 0 |c Ernest Dale 
260 |a New York 
260 |b McGraw-Hill Book Company 
260 |c 1965 
650 |a Industrial management 
904 |i Năm 
980 |a Trung tâm Học liệu Trường Đại học Cần Thơ